000 00714nam a22002417a 4500
003 UA-OsUOA
001 34365
007 ta
008 20050929b un ||||| |||| 00| 0 ukr d
100 _aПолек В.Т.
090 _a82(091)(477)
_bП49
942 _cBK
040 _aUA-OsUOA
_bukr
_cUA-OsUOA
_dUA-OsUOA
245 _aІсторія української літератури X - XVII століть
_bнавчальний посібник
300 _a144 с.
955 _a2
041 _aukr
080 _a82(091)(477)
020 _a5-11-004281-0
260 _aК.
_bВища Школа
_c1994
650 7 _a82 Література. Літературознавство
_2UDC
999 _c320797
_d320797